Normal view
MARC view
Entry Personal Name
001 - CONTROL NUMBER
- control field: 72760
003 - CONTROL NUMBER IDENTIFIER
- control field: dpl
005 - DATE AND TIME OF LATEST TRANSACTION
- control field: 20241011163302.0
008 - FIXED-LENGTH DATA ELEMENTS
- fixed length control field: 241011|| aca||aabn | a|a d
040 ## - CATALOGING SOURCE
- Original cataloging agency: dpl
- Transcribing agency: dpl
100 ## - HEADING--PERSONAL NAME
- Personal name: दीपक
670 ## - SOURCE DATA FOUND
- Source citation: Work cat.: (dpl)206361: दीपक , केदार से कैलाश तक आरंभ /, 2024
